000 002280000a22000970004500
100 1 _aMartini, Romeu Ruben
245 1 0 _aCrianças e Ceia do Senhor
300 _aNum. 5 (Agosto, 2001), Páginas 6-7
773 0 _tTEAR
942 _cANA
999 _c55795
_d55795